[Event "Nuoro Olbia Oristano Province-ch"]
[Site "Siniscola"]
[Date "2015.02.08"]
[Round "2"]
[White "Bellu, Marco"]
[Black "Di Pinto, Vincenzo"]
[Result "1-0"]
[WhiteElo "1781"]
[BlackElo "1633"]
[PlyCount "41"]
[EventDate "2015.02.07"]
[EventType "swiss"]
[EventRounds "7"]
[EventCountry "ITA"]
[SourceTitle "EXT 2017"]
[Source "ChessBase"]
[SourceDate "2016.10.25"]
[SourceVersion "1"]
[SourceVersionDate "2016.10.25"]
[SourceQuality "1"]

1. e4 g6 2. d4 Bg7 3. Nc3 d6 4. Nf3 Nf6 5. Bc4 0-0 6. 0-0 c6 7. Bb3 Nbd7 8. h3 c5 9. e5 dxe5 10. dxe5 Ne8 11. Re1 e6 12. Bg5 f6 13. Bxe6+ Kh8 14. exf6 Nexf6 15. Nd5 a5 16. Nxf6 Bxf6 17. Bxf6+ Qxf6 18. Bxd7 Bxd7 19. Qxd7 Rad8 20. Qe7 Qxb2 21. Ng5 1-0